<?xml version="1.0" encoding="UTF-8"?>
<record
    xmlns:xsi="http://www.w3.org/2001/XMLSchema-instance"
    xsi:schemaLocation="http://www.loc.gov/MARC21/slim http://www.loc.gov/standards/marcxml/schema/MARC21slim.xsd"
    xmlns="http://www.loc.gov/MARC21/slim">

  <leader>00782caa a22001812a 4500</leader>
  <controlfield tag="001">  011384</controlfield>
  <controlfield tag="003">  AR-FADEU</controlfield>
  <controlfield tag="008">  311216n########xxu####################dd</controlfield>
  <datafield tag="092" ind1=" " ind2=" ">
    <subfield code="a">304.6</subfield>
    <subfield code="b">M489</subfield>
  </datafield>
  <datafield tag="100" ind1=" " ind2=" ">
    <subfield code="a">Lester R. Brown, Sandra Postel</subfield>
  </datafield>
  <datafield tag="245" ind1=" " ind2=" ">
    <subfield code="a">Del crecimiento al desarrollo sostenible</subfield>
  </datafield>
  <datafield tag="300" ind1=" " ind2=" ">
    <subfield code="a">PP. 115-122</subfield>
  </datafield>
  <datafield tag="500" ind1=" " ind2=" ">
    <subfield code="a">En: Medio ambiente y desarrollo sostenible : m&#xE1;s all&#xE1; del infome Brundtland /ed. Robert Goodland. Madrid : Trotta, 1997</subfield>
  </datafield>
  <datafield tag="700" ind1=" " ind2=" ">
    <subfield code="a">Christopher, Flavin</subfield>
  </datafield>
  <datafield tag="942" ind1=" " ind2=" ">
    <subfield code="c">BDGR</subfield>
  </datafield>
  <datafield tag="773" ind1="0" ind2=" ">
    <subfield code="0">6903</subfield>
    <subfield code="9">4750</subfield>
    <subfield code="a"></subfield>
    <subfield code="b"></subfield>
    <subfield code="d">Buenos Aires</subfield>
    <subfield code="o">10741</subfield>
    <subfield code="t">MEDIO ambiente y urbanizaci&#xF3;n</subfield>
    <subfield code="w">(  AR-FADEU)  001064</subfield>
    <subfield code="x"></subfield>
    <subfield code="z"></subfield>
  </datafield>
  <datafield tag="773" ind1="0" ind2=" ">
    <subfield code="0">17148</subfield>
    <subfield code="9">17454</subfield>
    <subfield code="a"></subfield>
    <subfield code="b"></subfield>
    <subfield code="d">Madrid</subfield>
    <subfield code="o">15969</subfield>
    <subfield code="t">MEDIO ambiente y desarrollo sostenible : m&#xE1;s all&#xE1; del informe Brundtland</subfield>
    <subfield code="w">(  AR-FADEU)  011372</subfield>
    <subfield code="x"></subfield>
    <subfield code="z">84-8164-157-X</subfield>
  </datafield>
  <datafield tag="999" ind1=" " ind2=" ">
    <subfield code="c">17160</subfield>
    <subfield code="d">17160</subfield>
  </datafield>
</record>
